James Bond - Portrayals by Picture - Statistics

General Stats
  • This quiz has been taken 45 times
  • The average score is 6 of 7
Answer Stats
Picture Answer % Correct
Sean Connery
100%
Daniel Craig
95%
Pierce Brosnan
95%
Roger Moore
88%
Timothy Dalton
78%
George Lazenby
76%
David Niven
61%
No matching quizzes found
Score Distribution
Percent of People with Each Score
Percentile by Number Answered
Your Score History
You have not taken this quiz